书目信息 |
| 题名: |
反特电影剧本选
|
|
| 作者: | 李英杰 编著 | |
| 分册: | ||
| 出版信息: | 北京 群众出版社 1979 |
|
| 页数: | 284页 | |
| 开本: | 19cm | |
| 丛书名: | ||
| 单 册: | ||
| 中图分类: | I235.1 | |
| 科图分类: | ||
| 主题词: | 电影文学剧本--中国--现代--选集 | |
| 电子资源: | ||
| ISBN: | ||
| 000 | 00594nam0 2200217 45 | |
| 001 | 0179003175 | |
| 005 | 20060927160301.59 | |
| 010 | @dCNY0.67 | |
| 091 | @aCN@b10067.162 | |
| 100 | @a19950720d1979 em y0chiy0121 ea | |
| 101 | 0 | @achi |
| 102 | @aCN@b110000 | |
| 105 | @af z 000by | |
| 200 | 10 | @a反特电影剧本选@Afan te dian ying ju ben xuan@f李英杰等编著 |
| 210 | @a北京@c群众出版社@d1979 | |
| 215 | @a284页@c图@d19cm | |
| 606 | @a电影文学剧本@y中国@z现代@x选集 | |
| 690 | @aI235.1@v3 | |
| 701 | 0 | @a李英杰@Ali ying jie@4编著 |
| 801 | 0 | @aCN@bTSSF@c20060927 |
| 905 | @a10447@dI235.1@e158 | |
| 反特电影剧本选/李英杰等编著.-北京:群众出版社,1979 |
| 284页:图;19cm |
| ISBN :CNY0.67 |
| ● |
| 相关链接 |
|
|
|
|
正题名:反特电影剧本选
索取号:I235.1/158
 
预约/预借
| 序号 | 登录号 | 条形码 | 馆藏地/架位号 | 状态 | 备注 |
| 1 | 0443744 | 204437449 | 密集书库/ [索取号:I235.1/158] | 在馆 |